000 00919nam a22002897a 4500
003 CHAP
005 20220329135010.0
008 971013s r 00010 d
010 _a29279
011 _a30251
035 _a34363
040 _cCHAP
082 _a633.2
_bM32
100 0 0 _aMachado Castro, Rey.
_969387
245 _aIntroducción y mejoramiento de pastos
260 _aMatanzas, Cuba :
_bMinisterio de Educación Superior,
_c(s.a.)
300 _a338 p.
_b; mapas ; gráfs
590 _aBATCH-UPD
_b10
_c20130110
_lUCH01
_h0258
590 _aBATCH-UPD
_b10
_c20130110
_lUCH01
_h1505
590 _aCONVERSION
_b10
_c20130109
_lUCH01
_h1317
650 1 4 _aPastos
_xCuba.
_986013
650 1 4 _aPastos
_xEfecto del medio ambiente.
_986022
650 1 4 _aPastos
_xMejoramiento.
_986060
901 _aBK
942 _cLIBRO
949 _a633.2 M32
_bBC
_cLIBRO
_d33724000214268
_eLIBRO
_h63299
_i34363
_mD. Dr. Méndez
_si
999 _c29279
_d29279